000 00753nam a2200217 a 4500
001 000044530
005 20250707112615.0
008 140711s2001 dr d 000 0 spa d
040 _aDO-SdBNP
_bspa
_cBNPHU
082 _a330
_bL735e
100 1 _aLinares, Manuel
_953454
245 1 0 _aEconomía especializada /
_cManuel Linares.
260 _aSanto Domingo :
_bSomos Artes Gráficas,
_c2001.
300 _a220, [32] p. :
_bdiagr. ;
_c21 cm.
500 _aIncluye datos biográficos del autor en la solapa de la contracubierta
500 _aApéndice: Factores de interés compuesto P. 221-252
504 _aBibliografía : p. 215-220
590 _aInventariado, 2018/ YL
650 0 _aEconomia
_985383
910 _aValidado. Control de calidad MFF
999 _c44019
_d44019